New York Major & Minor Teams - Statistics

General Stats
  • This quiz has been taken 189 times
  • The average score is 22 of 45
Answer Stats
NCAA % Correct
New York Mets
100%
New York Rangers
100%
Syracuse Mets
100%
New York Islanders
96%
New York Yankees
96%
New York Knicks
92%
Westchester Knicks
92%
Brooklyn Nets
88%
Buffalo Bills
88%
Long Island Nets
88%
Buffalo Sabres
83%
New York Liberty
67%
Syracuse Orange
63%
New York City FC
58%
Albany Great Danes
50%
Buffalo Bulls
46%
Columbia Lions
42%
Cornell Big Red
38%
Hudson Valley Renegades
38%
LIU Sharks
38%
New York Guardians
38%
Rochester Americans
38%
St. John's Red Storm
38%
Stony Brook Seawolves
38%
Syracuse Crunch
38%
Brooklyn Cyclones
33%
Buffalo Bisons
33%
Colgate Raiders
33%
Manhattan Jaspers
33%
Marist Red Foxes
33%
St. Bonaventure Bonnies
33%
Utica Comets
33%
Binghamton Bearcats
29%
Binghamton Rumble Ponies
29%
Fordham Rams
29%
Iona Gaels
29%
Niagara Purple Eagles
29%
Adirondack Thunder
25%
Canisius Golden Griffins
25%
Hofstra Pride
25%
Siena Saints
25%
Army Black Knights
21%
Rochester Red Wings
21%
St. Francis Brooklyn Terriers
21%
Wagner Seahawks
21%
No matching quizzes found
Score Distribution
Percent of People with Each Score
Percentile by Number Answered
Your Score History
You have not taken this quiz